[Event "AUT-chT2W 1516"]
[Site "Austria"]
[Date "2016.03.06"]
[Round "11.6"]
[White "Quintero Ortega, Carlos"]
[Black "Stajner, Samo"]
[Result "0-1"]
[WhiteElo "2187"]
[BlackElo "2351"]
[PlyCount "90"]
[EventDate "2015.10.16"]
[EventType "team-tourn"]
[EventRounds "11"]
[EventCountry "AUT"]
[SourceTitle "EXT 2017"]
[Source "ChessBase"]
[SourceDate "2016.10.25"]
[SourceVersion "1"]
[SourceVersionDate "2016.10.25"]
[SourceQuality "1"]
[WhiteTeam "Goetzis II"]
[BlackTeam "Schwarzach"]
[WhiteTeamCountry "AUT"]
[BlackTeamCountry "AUT"]

1. g3 e5 2. Bg2 Nc6 3. c4 f5 4. Nc3 Nf6 5. e3 Bb4 6. Nd5 e4 7. Ne2 Nxd5 8. cxd5 Ne5 9. 0-0 0-0 10. a3 Bd6 11. b4 b6 12. Qb3 a5 13. Bb2 a4 14. Qc3 Ba6 15. f4 exf3 16. Bxf3 Qg5 17. Nf4 Rae8 18. Be2 Bxe2 19. Nxe2 Ng4 20. h4 Qh6 21. Rf3 Be5 22. Qc2 Bxb2 23. Qxb2 g5 24. Kg2 Ne5 25. hxg5 Qxg5 26. Raf1 Qg4 27. Nd4 Qe4 28. Qc3 Qxd5 29. Qxc7 Rf6 30. Qc2 f4 31. gxf4 Rg6+ 32. Kf2 Ng4+ 33. Ke1 Qxd4 34. f5 Nxe3 35. dxe3 Rxe3+ 36. Rxe3 Qxe3+ 37. Qe2 Rg3 38. Qxe3 Rxe3+ 39. Kf2 Rxa3 40. Rd1 Rb3 41. Rxd7 Rxb4 42. Ke3 b5 43. Ra7 h5 44. Kf3 h4 45. f6 Kf8 0-1

[Event "Oberliga Wuerttemberg 1516"]
[Site "Wuerttemberg"]
[Date "2016.02.21"]
[Round "7.3"]
[White "Braeuning, Rudolf Wilhelm"]
[Black "Quintero Ortega, Carlos"]
[Result "1-0"]
[WhiteElo "2292"]
[BlackElo "2201"]
[PlyCount "73"]
[EventDate "2015.09.20"]
[EventType "team-tourn"]
[EventRounds "9"]
[EventCountry "GER"]
[SourceTitle "EXT 2019"]
[Source "ChessBase"]
[SourceDate "2018.10.10"]
[SourceVersion "1"]
[SourceVersionDate "2018.10.10"]
[SourceQuality "1"]
[WhiteTeam "Bebenhausen"]
[BlackTeam "Jedesheim"]
[WhiteTeamCountry "GER"]
[BlackTeamCountry "GER"]

1. c4 g6 2. Nc3 Bg7 3. g3 c5 4. Bg2 Nc6 5. a3 d6 6. Rb1 a5 7. Nf3 e5 8. 0-0 Nge7 9. Ne1 0-0 10. Nc2 a4 11. Ne3 Qa5 12. d3 Nf5 13. Ned5 Nfd4 14. Ne4 Qd8 15. Bd2 h6 16. Nec3 Bd7 17. e3 Nb3 18. Nb5 Be8 19. Bc3 Rb8 20. f4 f5 21. g4 Ne7 22. Nbc7 Bf7 23. Nxe7+ Qxe7 24. Nd5 Bxd5 25. Bxd5+ Kh8 26. gxf5 exf4 27. Bxg7+ Kxg7 28. fxg6 fxe3 29. Qg4 e2 30. Rf7+ Rxf7 31. gxf7+ Qg5 32. Qxg5+ hxg5 33. Kf2 Nd4 34. Rg1 Rh8 35. Rxg5+ Kf6 36. h4 Rf8 37. Rg8 1-0